Les étapes de la pensée sociologique: Montesquieu, Comte, Marx, Tocqueville, Durkheim, Pareto, Weber
Na minha lista:
| Autor principal: | |
|---|---|
| Formato: | Livro |
| Idioma: | francês |
| Publicado em: |
París
Gallimard
1967
|
| Colecção: | Bibliothèque des Sciences Humaines
|
| Assuntos: | |
| Tags: |
Adicionar Tag
Sem tags, seja o primeiro a adicionar uma tag!
|
MARC
| LEADER | 00000nam a2200000 a 4500 | ||
|---|---|---|---|
| 001 | UCZ5375 | ||
| 003 | CL-VaPUC | ||
| 005 | 20241212091157.0 | ||
| 008 | 951117e19670000FR |||||||||||||||||fre|d | ||
| 999 | |c 241693 |d 241691 | ||
| 040 | |c Pontificia Universidad Católica de Valparaíso | ||
| 082 | 0 | 4 | |a 301 |b ARO |2 21 |
| 100 | 0 | |a Aron, Raymond |e author |9 349321 | |
| 245 | 1 | 4 | |a Les étapes de la pensée sociologique: Montesquieu, Comte, Marx, Tocqueville, Durkheim, Pareto, Weber |
| 260 | |a París |b Gallimard |c 1967 | ||
| 300 | |a 659 p | ||
| 490 | 0 | |a Bibliothèque des Sciences Humaines | |
| 583 | |a last modification |c 19951117 00:00:00 |k Rodrigo Vera | ||
| 600 | 0 | |a Montesquieu, Charles Louis de Secondat, Barón de, |d 1689-1755 |9 867047 | |
| 600 | 0 | |a Comte, Auguste |9 334591 | |
| 600 | 0 | 7 | |a TOCQUEVILLE, ALEXIS DE |2 CL-VaPUC |9 315351 |
| 600 | 0 | 7 | |a DURKHEIM, EMILE |2 CL-VaPUC |9 314700 |
| 600 | 0 | 7 | |a Pareto, Vilfredo |d 1848-1923 |9 880490 |
| 600 | 0 | 7 | |a WEBER, MAX |2 CL-VaPUC |9 314708 |
| 600 | 0 | |a Marx, Karl Heinrich, |d 1818-1883 |9 861123 | |
| 650 | 0 | |a Sociología |9 255410 | |
| 650 | 0 | |a Historia |9 255047 | |
| 650 | 7 | |a FILOSOFIA POLITICA |2 CL-VaPUC |9 349323 | |
| 650 | 0 | |a Naturaleza humana |9 308593 | |
| 650 | 0 | |a Socialismo |9 255260 | |
| 650 | 0 | |a Comunismo |9 255588 | |
| 650 | 0 | |a Ideologías |9 255200 | |
| 650 | 0 | |a Doctrinas políticas |9 255835 | |
| 942 | |c BK |2 ddc | ||
| 945 | |d 19951117 00:00:00 |a lriquelm | ||
| 952 | |0 0 |1 0 |4 0 |6 301_000000000000000_ARO_1967 |7 0 |8 P |9 254096 |a BIBEDU |b BIBEDU |c BIBEDU_PB |d 2019-11-19 |i 1575066 |l 1 |o 301 ARO 1967 |p 1575066 |r 2024-01-25 |s 2022-03-18 |w 2019-11-19 |y BK |k FIL | ||
| 952 | |0 0 |1 0 |4 0 |6 301_000000000000000_ARO_1967 |7 0 |8 A |9 254097 |a BIBART |b BIBART |d 2019-11-19 |i 342667K |o 301 ARO 1967 |p 342667K |r 2025-03-13 |w 2019-11-19 |y BK |k ART | ||